000 00569nam a2200241 a 4500
001 nice12345678
003 IN_TiNIC
005 20260116014403.0
008 050524s2008 lona grp 000 0 eng
020 _a9780099535331
_c323
082 0 0 _a823
_bMOR
100 _aMorrison, Toni
245 _aMercy
260 _aLondon
_bVintage Books
_c2008
300 _a165p
500 _aincludes index and biblioraphy
650 _aEnglish-Fiction
650 _aFiction-English
700 1 _aMorrison, Toni
902 _bSRS
942 _cBK
999 _c15073
_d15073